000 00341 a2200157 4500
001 59765
020 _a9783570127810
040 _cAnchieta - Pituba
100 _aBrashares, Ann
240 1 0 _aEine für vier
_lpor
245 1 0 _aEine für vier
300 _a375
362 0 _a2004
650 4 _aLiteratura juvenil em alemão
942 _cBK
999 _c59765
_d59765